000 00693cam a22002413a 4500
001 3143
003 PGUSA
005 20140828083026.0
008 020301s2002||||xxu|||||s|||||000 | eng d
040 _aPGUSA
_beng
042 _adc
050 4 _aPR
100 1 _aKingsley, Charles,
_d1819-1875
245 1 0 _aSir Walter Raleigh and His Time
_h[electronic resource] /
_cCharles Kingsley
260 _bProject Gutenberg,
_c2002
506 _aPublic domain in the USA.
516 _aElectronic text
653 _aGreat Britain -- History
653 _aRaleigh, Walter, Sir, 1552?-1618
830 0 _aProject Gutenberg
_v3143
856 4 0 _uhttp://www.gutenberg.org/ebooks/3143
942 _cEB
999 _c232472
_d232472